| 000 | 01100nas a2200373 4500 | ||
|---|---|---|---|
| 001 | BR0401054 | ||
| 003 | BR-BrBNA | ||
| 005 | 20231205104355.0 | ||
| 007 | ta | ||
| 008 | 230509b bl.|||p| |||| 00| 00por d | ||
| 040 |
_aBR-BrBNA _bpor _cBiblioteca Nacional de Agricultura |
||
| 041 | _a(Pt) | ||
| 072 | _aN20; F61 | ||
| 100 | 1 | _aZotarelli, L. | |
| 100 | 1 | _aCardoso, E.G. | |
| 100 | 1 | _aPiccinin, J.L. | |
| 100 | 1 | _aUrquiaga, S. | |
| 100 | 1 | _aBoddey, R.M. | |
| 100 | 1 | _aTorres, E. | |
| 100 | 1 | _aAlves, B.J.R. | |
| 245 | 1 | _aCalibração do medidor de clorofila Minolta SPAD-502 para avaliação do conteúdo do nitrogênio do milho | |
| 650 | _aMILHO | ||
| 650 | _aFOLHA | ||
| 650 | _aCLOROFILA | ||
| 650 | _aINSTRUMENTO DE MEDIDA | ||
| 650 | _aFERTILIZANTE NITROGENADO | ||
| 650 | _aANALISE COMPARATIVA | ||
| 650 | _aAVEIA | ||
| 650 | _aTREMOÇO | ||
| 650 | _aESTADO NUTRICIONAL | ||
| 773 | 0 |
_tPesquisa Agropecuária Brasileira (Brazil) _xISSN 0101-204X _g(Sep 2003), v. 38(9) p. 1117-1122 _wBR0401054 |
|
| 909 |
_a202311 _bLúcia _c55 _dLúcia Elande |
||
| 942 |
_2AGRIS _n0 _cANA |
||
| 999 |
_c177819 _d177819 |
||